000 02751cam a2200565 4500
008 970304 1988 d 1
020 _a1850916837
035 _a(Sirsi) u53783
041 0 _aeng
050 0 4 _a696.9 $2 18
245 0 0 _aIntelligent buildings
_bapplications of IT and building automation to high technology construction projects
260 _aLondon
_bKogan Page
_c1988
300 _a267p.
_bill.
_c24cm.
350 _a50
490 _aKogan Page Unicom Applied Information Technology Reports
505 2 _aProgress towards intelligent buildings -- The need: intelligent building for building intelligence -- What building users want -- Intelligent buildings: their implications for design and construction -- Design for new technology -- Retaining flexibility for future occupancy changes -- Communication infrastructures -- Servicing the intelligent building -- The intelligent building in practice -- Sensing and control systems -- Fire an security protection -- Developments in workstation technology and the impact on building design -- Local area networks and office automation -- Telecommunications and value added services -- Planning and co-ordinating cabling requirements -- Building energy management systems: a practical approach to their development -- Using information feedback for energy management -- Applying expert systems to environmental management and control -- Life cycle information systems -- The role of energy simulation in the design and management of intelligent buildings -- The application of stochastic modelling to environmental control in buildings -- Implementing smart strategies for climate control systems -- Towards the integrated environment for intelligent buildings -- The shape of the future
651 4 _aInternational
690 _aMANAGEMENT-BUSINESS MANAGEMENT-INFORMATION MANAGEMENT
700 1 _aAtkin, Brian L.
700 1 _aMill, P. A. D.
700 1 _aDublin, F. S.
700 1 _aHartkopf, V.
700 1 _aLoftness, V.
700 1 _aRubin, A.
700 1 _aCornick, T.
700 1 _aDavids, M.
700 1 _aWorthington, J.
700 1 _aLush, D.
700 1 _aPengilly, R.
700 1 _aBrookfield, D. S.
700 1 _aUtton, D.
700 1 _aWalter, J. D.
700 1 _aLane, J.
700 1 _aPalmer, I.
700 1 _aNoseworthy, W.
700 1 _aStubbings, M.
700 1 _aEastwell, A. S.
700 1 _aHodkinson, S. L.
700 1 _aOughton, D. R.
700 1 _aShaw, M. R.
700 1 _aTurk, C.
700 1 _aClarke, J. A.
700 1 _aEmslie, S. V.
700 1 _aLoveday, D. L.
700 1 _aKeyser, R. M. C. de
700 1 _aPowell, J. A.
700 1 _aDuffy, Frank
942 _n0
948 _c04/03/1997
999 _c93336
_d93336